000 00875nam a2200217Ia 4500
003 Ost
005 20260507075124.0
008 260507s9999||||xx |||||||||||||| ||und||
040 _cfsecg
041 _aara
082 _a330
100 _aمهنا، محمد مصر
_eمؤلف
245 0 _aالإدارة العامة وإدارة الخصخصة :
_bمع نماذج لتجارب بعض دول العالم /
_c محمد مصر مهنا
260 _aالإسكندرية:
_bالمكتب الجامعي الحديث,
_c2006
300 _a426 صفحة؛
_c25 سم
520 _aفن الإدارة العامة-التجربة المصرية-تحليل الخبرات مجموعة مختارة من الدول
653 _aإدارة الخصخصةالخصخصة
653 _aالإدارة العامة
653 _aالسياسة العامة
942 _cكتاب
999 _c43123
_d43123